01378nam a2200145Ia 4500008004100000020001500041050001900056100003900075245013900114250001900253260003600272300003700308505085600345650003101201120625s2006 mx 001 0 spa d a9700765377 4aKGF1789 bM85 1 aMuñoz Ramón, Robertoe , autor10aTratado de derecho del trabajo b : teoría fundamental del derecho del trabajo instituciones laborales c / Roberto Muñoz Ramón  a1a. edición  aMéxicob : Porrúa c , 2006 axxvii, 864 páginas c ; 23 cm.0 aEl estudio del derecho del trabajo Definición del derecho del trabajo El derecho del trabajo en la sistemática jurídica Naturaleza jurídica del derecho del trabajo Denominación Principios Fines Caracteres Autonomía y relaciones El derecho del trabajo en la técnica jurídica Procedimientos y factores de producción y conocimiento del derecho del trabajo Fuentes formales Fuentes formales generales Fuentes formales especiales Fuentes materiales Fuentes cognoscitivas Procedimientos de aplicación del derecho del trabajo Procedimientos de interpretación Procedimientos de integración Procedimientos de determinación de los ámbitos de validez Instituciones laborales básicas Relación de trabajo Empresas laborales Instituciones de las relaciones anteriores al nacimiento de la relación de trabajo  4aDERECHO LABORALzMÉXICO